01881cam a22003857i 4500999001700000001000900017005001700026008004100043010001700084015001900101016001800120020002500138020002200163020002500185020002200210035002400232040009900256042001400355050002300369100002700392245006500419300004000484504006700524505028600591520029400877650001201171650001601183650002301199650001801222650002901240650002201269906004501291942003501336952012401371 c30706d307061734417520201006145453.0120613t20132013enka b 001 0 eng d a 2012941837 aGBB2961622bnb7 a0161764332Uk a9780857028815 (hbk.) a0857028812 (hbk.) a9780857028822 (pbk.) a0857028820 (pbk.) a(OCoLC)ocn811729405 aUKMGBbengcUKMGBerdadOCLCOdYDXCPdCDXdKIJdBWXdLNDdOSUdOCLCQdOCLCFdOCLCQdIEDUBdDLC alccopycat00aRA776.5.L3227 20131 aLarkin, Mary,eauthor.10aHealth and well-being across the life course /cMary Larkin. a197 pages :billustrations ;c25 cm aIncludes bibliographical references (pages 164-190) and index.0 aStudying health and well-being across the life course -- Beginnings : prenatal health -- Health and well-being in childhood -- Health and well-being in adolescence -- Health and well-being and young adulthood -- Health and well-being in midlife -- Health and well-being in old age.8 aThis text from Mary Larkin on the increasingly important life course approach covers health from pre-pregnancy to old age. Chapters include further reading, discussion points, activities and activity commentaries to make it ideal for interactive student learning and critical reflection.-- 0aHealth. 0aWell-being. 0aLife cycle, Human. 7aHealth.2fast 7aLife cycle, Human.2fast 7aWell-being.2fast a7bcbcccopycatd2encipf20gy-gencatlg 2lcccBOOKShRA776.5.L3227 2013 00102lcc4070aMUCbMUCd2020-10-06g7373.00l1oRA776.5.L3227 2013p23302r2026-02-12s2026-02-10w2020-10-06yBOOKS